Woof / by (Record no. 632408)

MARC details
000 -LEADER
fixed length control field 00430nam a22001697b 4500
003 - CONTROL NUMBER IDENTIFIER
control field 3228
005 - DATE AND TIME OF LATEST TRANSACTION
control field 20240517112820.0
008 - FIXED-LENGTH DATA ELEMENTS--GENERAL INFORMATION
fixed length control field 240517b sa ||||| |||| 00| 0 eng d
020 ## - INTERNATIONAL STANDARD BOOK NUMBER
International Standard Book Number 9780140386691
040 ## - CATALOGING SOURCE
Transcribing agency [RDA]
082 ## - DEWEY DECIMAL CLASSIFICATION NUMBER
Classification number EJF AHL
100 ## - MAIN ENTRY--PERSONAL NAME
Personal name Allan Ahlberg
9 (RLIN) 186774
245 ## - TITLE STATEMENT
Title Woof / by
Statement of responsibility, etc. Allan Ahlberg
260 ## - PUBLICATION, DISTRIBUTION, ETC.
Place of publication, distribution, etc. London :
Name of publisher, distributor, etc. Puffin ;
Date of publication, distribution, etc. 1986.
300 ## - PHYSICAL DESCRIPTION
Extent 140 pages.
Other physical details illustrations.
Dimensions 19 cm.
942 ## - ADDED ENTRY ELEMENTS
Source of classification or shelving scheme Dewey Decimal Classification
item type Book
-- 395
-- Kholofelo Moabelo
Holdings
Withdrawn status Lost status Source of classification or shelving scheme Damaged status Not for loan Collection code Home library Current library Shelving location Date acquired Cost, normal purchase price Total Checkouts Full call number Barcode Date last seen Date last checked out Cost, replacement price item type
    Dewey Decimal Classification     Fiction Stanwest Public Library Stanwest Public Library Children's Area 17.05.2024 120.00 1 EJF AHL 33228031154408 24.06.2024 24.06.2024 120.00 Book